Problemas de hoy, palabras de ayer: Explotación, trabajo, esclavitud.
Saved in:
| Hovedforfatter: | |
|---|---|
| Format: | Bog |
| Udgivet: |
Madrid, España:
UAM Ediciones,
2023.
|
| Fag: | |
| Tags: |
Tilføj Tag
Ingen Tags, Vær først til at tagge denne postø!
|
MARC
| LEADER | 00000nam a22000007a 4500 | ||
|---|---|---|---|
| 003 | CL-VaPUC | ||
| 005 | 20240517110634.0 | ||
| 008 | 240513t2023 ||||| |||| 00| 0 eng d | ||
| 999 | |c 443736 |d 443734 | ||
| 020 | |a 978-84-8344-910-3 | ||
| 040 | |c Pontificia Universidad Católica de Valparaíso | ||
| 082 | |2 22 |a 306.3620938 PLA 2023 | ||
| 100 | 1 | |a Plácido Suárez, Domingo |e autor |9 888917 | |
| 245 | |a Problemas de hoy, palabras de ayer: |b Explotación, trabajo, esclavitud. | ||
| 260 | |a Madrid, España: |b UAM Ediciones, |c 2023. | ||
| 300 | |a 97 páginas. | ||
| 500 | |a c.1. Donación Prof. Paulo Donoso J., MEMO HIS/008 17-4-2024 | ||
| 583 | |c 20240513 |k GC | ||
| 650 | 0 | |9 323605 |a Esclavitud |x Historia antigua | |
| 650 | 0 | |9 379956 |a Explotación |x Trabajadores, servidumbre, etc. |z Grecia y Atenas | |
| 942 | |2 ddc |c BK | ||
| 952 | |0 0 |1 0 |2 ddc |4 0 |6 306_362093800000000_PLA_2023 |7 0 |8 A |9 594592 |a BIBHIS |b BIBHIS |d 2024-05-13 |e Donación |i 5661369 |o 306.3620938 PLA 2023 |p 5661369 |r 2025-01-20 |t 1 |w 2024-05-13 |y BK |k HIS | ||